000 00198 a2200097 4500
001 9219
100 _aWheare, K.C.
245 _aModern constitutions
260 _a
_bOxford
_c
090 _c7389
_d7389
942 _aNUST-CAE
_cM
_c34032
999 _c244292
_d244292